000 01228nam0a22002771 4500
001 v19\rc\1720724
005 20250619040738.0
035 _a(NLR Aleph) 004818497
090 _a4995618
_c4995618
100 _a20061002d1901 |||y0rusy50 ca
101 0 _arus
102 _aRU
105 _ay z |||||
200 1 _aДокладная записка ординарного профессора В.Г. Алексеева о способах замещения вакантных кафедр
210 _aЮрьев
_cтип. Шнакенбург
_d[1901]
215 _a4 с.
_d26
300 _aНа правах рукописи
300 _aПеред загл.: № 1
309 _aБез тит. л. и обл.
532 1 0 _aДокладная записка ординарного профессора Виссариона Григорьевича Алексеева о способах замещения вакантных кафедр
700 1 _7ca
_8rus
_aАлексеев
_bВ. Г.
_cматематик
_f1866-1943
_gВиссарион Григорьевич
_9242834
_3RU\NLR\AUTH\770242890
801 0 _aRU
_bNLR
_gpsbo
801 1 _aRU
_bProSoft-M
_2rusmarc
852 _aNLR
_j34.48.3.52
942 _cBOOK
980 _aNB